Riconosci il Pokémon - Quiz n°405 - Statistics

Statistiche generali
  • Questo quiz è stato fatto 0 volte
  • Il punteggio medio è 0 su 10
Statistiche sulle risposte
Indizio Risposta % Corretto
Altezza 0,2 m
0%
Peso 3,0 kg
0%
Sesso 50% ♂, 50% ♀
0%
Tasso di cattura 75 (17.5%)
0%
Tipo Acciaio / Folletto
0%
Abilità Burla; Prestigiatore
0%
Pokémon Klefki
0%
Stadio evoluzione Non si evolve
0%
Generazione Sesta
0%
Tasso di allevamento Veloce
0%
Nessun quiz corrispondente trovato
Distribuzione punteggi
Percentuale di utenti per punteggio
Percentile per numero di risposta
I tuoi punteggi nel tempo
Non hai fatto questo quiz